NFL Rushing Leaders of the 2010s - Statistics

General Stats
  • This quiz has been taken 279 times
  • The average score is 75 of 100
Answer Stats
Yards Team Player % Correct
1,540 TEN Derrick Henry
99%
1,059 TEN Derrick Henry
99%
1,357 DAL Ezekiel Elliott
99%
1,434 DAL Ezekiel Elliott
99%
983 DAL Ezekiel Elliott
99%
1,631 DAL Ezekiel Elliott
99%
1,494 CLE Nick Chubb
96%
996 CLE Nick Chubb
96%
1,042 WAS Adrian Peterson
94%
1,485 MIN Adrian Peterson
94%
1,266 MIN Adrian Peterson
94%
2,097 MIN Adrian Peterson
94%
1,298 MIN Adrian Peterson
94%
1,387 CAR Christian McCaffrey
93%
1,098 CAR Christian McCaffrey
93%
1,291 PIT Le'Veon Bell
92%
1,268 PIT Le'Veon Bell
92%
1,361 PIT Le'Veon Bell
92%
1,306 SEA Marshawn Lynch
91%
1,257 SEA Marshawn Lynch
91%
1,590 SEA Marshawn Lynch
91%
1,204 SEA Marshawn Lynch
91%
1,251 LAR Todd Gurley
91%
1,305 LAR Todd Gurley
91%
1,106 STL Todd Gurley
91%
1,137 CIN Joe Mixon
90%
1,168 CIN Joe Mixon
90%
1,307 NYG Saquon Barkley
90%
1,135 MIN Dalvin Cook
88%
1,206 BAL Lamar Jackson
88%
1,145 STL Steven Jackson
88%
1,241 STL Steven Jackson
88%
1,243 TEN Chris Johnson
87%
1,364 TEN Chris Johnson
87%
1,150 OAK Josh Jacobs
87%
1,138 BUF LeSean McCoy
87%
1,267 BUF LeSean McCoy
87%
1,319 PHI LeSean McCoy
87%
1,607 PHI LeSean McCoy
87%
1,309 PHI LeSean McCoy
87%
1,239 ARI David Johnson
86%
1,327 KAN Kareem Hunt
85%
1,287 KAN Jamaal Charles
84%
1,509 KAN Jamaal Charles
84%
1,467 KAN Jamaal Charles
84%
1,230 SEA Chris Carson
82%
1,151 SEA Chris Carson
82%
1,287 TEN DeMarco Murray
82%
1,845 DAL DeMarco Murray
82%
1,121 DAL DeMarco Murray
82%
1,066 OAK Latavius Murray
82%
1,124 NOR Mark Ingram
79%
967 IND Frank Gore
78%
1,106 SFO Frank Gore
78%
1,128 SFO Frank Gore
78%
1,214 SFO Frank Gore
78%
1,211 SFO Frank Gore
78%
1,246 HOU Arian Foster
77%
1,424 HOU Arian Foster
77%
1,224 HOU Arian Foster
77%
1,616 HOU Arian Foster
77%
1,152 JAX Leonard Fournette
76%
1,040 JAX Leonard Fournette
76%
1,606 JAX Maurice Jones-Drew
74%
1,324 JAX Maurice Jones-Drew
74%
1,105 LAC Melvin Gordon
73%
1,139 GNB Eddie Lacy
71%
1,178 GNB Eddie Lacy
71%
1,339 CHI Matt Forte
71%
1,364 BAL Ray Rice
71%
1,220 BAL Ray Rice
71%
1,079 ATL Devonta Freeman
70%
1,056 ATL Devonta Freeman
70%
1,402 TAM Doug Martin
69%
1,454 TAM Doug Martin
69%
1,161 NWE LeGarrette Blount
66%
907 PIT DeAngelo Williams
62%
1,272 MIA Jay Ajayi
62%
1,037 DEN Phillip Lindsay
60%
1,275 WAS Alfred Morris
56%
1,613 WAS Alfred Morris
56%
989 CAR Jonathan Stewart
53%
1,122 CHI Jordan Howard
53%
1,313 CHI Jordan Howard
53%
1,007 DEN C.J. Anderson
52%
1,340 ATL Michael Turner
47%
1,371 ATL Michael Turner
47%
1,124 CIN Jeremy Hill
44%
1,073 HOU Lamar Miller
41%
1,099 MIA Lamar Miller
41%
1,089 DAL Darren McFadden
40%
1,266 BAL Justin Forsett
40%
1,070 NYJ Chris Ivory
39%
1,244 BUF C.J. Spiller
37%
1,235 NYG Ahmad Bradshaw
36%
1,255 SDG Ryan Mathews
36%
1,091 SDG Ryan Mathews
36%
1,273 PIT Rashard Mendenhall
32%
1,263 NWE Stevan Ridley
26%
1,199 DEN Willis McGahee
22%
No matching quizzes found
Score Distribution
Percent of People with Each Score
Percentile by Number Answered
Your Score History
You have not taken this quiz